Biblioteca y Centro de Documentación

Patrimonio natural y biodiversidad (Registro nro. 51950)

Detalles MARC
000 -CABECERA
Longitud fija campo de control 01620nam a2200421 c 4500
001 - NÚMERO DE CONTROL
Número de control 51950
003 - IDENTIFICADOR DE NÚMERO DE CONTROL
Identificador del número de control ES-MaCES
005 - FECHA Y HORA DE LA ÚLTIMA TRANSACCIÓN
Fecha y hora de la última transacción 20210915114809.0
008 - CAMPO FIJO DE DESCRIPCIÓN FIJA--INFORMACIÓN GENERAL
Códigos de información de longitud fija   210903s2021 sp 000|0 spad
017 ## - NÚMERO DE REGISTRO DE DERECHOS DE AUTOR Y DEPÓSITO LEGAL
Número de copyright o de depósito legal MU 171-2021
Agencia que asigna el número DL
020 ## - ISBN (INTERNATIONAL STANDARD BOOK NUMBER)
Número Internacional Normalizado para Libros (ISBN) 9788409277384
040 ## - FUENTE DE CATALOGACIÓN
Centro catalogador de origen ES-MaCES
Lengua de catalogación spa
Centro transcriptor ES-MaCES
100 1# - ENCABEZAMIENTO PRINCIPAL--NOMBRE PERSONAL
9 (RLIN) 20983
Nombre de persona Picazo Córdoba, Herminio
245 10 - MENCIÓN DE TÍTULO
Título Patrimonio natural y biodiversidad
Resto del título : situación actual y perspectivas ; Síntesis
Mención de responsabilidad, etc. autores, Herminio Picazo Córdoba, Eloisa Romero Martínez, Juan José Ortiz García
260 ## - PUBLICACIÓN, DISTRIBUCIÓN, ETC (PIE DE IMPRENTA)
Lugar de publicación, distribución, etc. Murcia
Nombre del editor, distribuidor, etc. Consejo Económico y Social de la Región de Murcia
Fecha de publicación, distribución, etc. 2021
300 ## - DESCRIPCIÓN FÍSICA
Extensión 177; 50 p.
Otras características físicas gráf., mapas col.
Dimensiones 24 cm
490 1# - MENCIÓN DE SERIE
Mención de serie Cuadernos CESRM 2021
Designación de volumen o secuencia 15
504 ## - NOTA DE BIBLIOGRAFÍA, ETC.
Nota de bibliografía, etc. Bibliografía: p. 173-175
541 ## - NOTA DE LA FUENTE INMEDIANTE DE ADQUISICIÓN
Forma de adquisición Gratuito
650 #4 - ASIENTO SECUNDARIO DE MATERIA--TÉRMINO DE MATERIA
Término de materia o nombre geográfico como elemento inicial patrimonio cultural
9 (RLIN) 27264
650 #4 - ASIENTO SECUNDARIO DE MATERIA--TÉRMINO DE MATERIA
Término de materia o nombre geográfico como elemento inicial protección del paisaje
9 (RLIN) 28753
650 #4 - ASIENTO SECUNDARIO DE MATERIA--TÉRMINO DE MATERIA
Término de materia o nombre geográfico como elemento inicial reserva natural
9 (RLIN) 28758
650 #4 - ASIENTO SECUNDARIO DE MATERIA--TÉRMINO DE MATERIA
Término de materia o nombre geográfico como elemento inicial conservación de la naturaleza
9 (RLIN) 28754
650 #4 - ASIENTO SECUNDARIO DE MATERIA--TÉRMINO DE MATERIA
Término de materia o nombre geográfico como elemento inicial protección ambiental
9 (RLIN) 29423
650 #4 - ASIENTO SECUNDARIO DE MATERIA--TÉRMINO DE MATERIA
Término de materia o nombre geográfico como elemento inicial política ambiental
9 (RLIN) 29422
650 #4 - ASIENTO SECUNDARIO DE MATERIA--TÉRMINO DE MATERIA
Término de materia o nombre geográfico como elemento inicial educación ambiental
9 (RLIN) 30343
650 #4 - ASIENTO SECUNDARIO DE MATERIA--TÉRMINO DE MATERIA
Término de materia o nombre geográfico como elemento inicial desarrollo sostenible
9 (RLIN) 30785
650 #4 - ASIENTO SECUNDARIO DE MATERIA--TÉRMINO DE MATERIA
Término de materia o nombre geográfico como elemento inicial Murcia (Comunidad Autónoma)
9 (RLIN) 30881
650 #4 - ASIENTO SECUNDARIO DE MATERIA--TÉRMINO DE MATERIA
Término de materia o nombre geográfico como elemento inicial estudio de casos
9 (RLIN) 28846
650 #4 - ASIENTO SECUNDARIO DE MATERIA--TÉRMINO DE MATERIA
Término de materia o nombre geográfico como elemento inicial plan de acción
9 (RLIN) 30406
653 10 - TÉRMINO DE INDEXACIÓN--NO CONTROLADO
Término no controlado Medio ambiente
700 1# - ENCABEZAMIENTO SECUNDARIO--NOMBRE PERSONAL
9 (RLIN) 40083
Nombre de persona Romero Martínez, Eloisa
700 1# - ENCABEZAMIENTO SECUNDARIO--NOMBRE PERSONAL
9 (RLIN) 40084
Nombre de persona Ortiz García, Juan José
710 1# - ENCABEZAMIENTO SECUNDARIO--NOMBRE CORPORATIVO
Nombre de entidad o nombre de jurisdicción como elemento inicial Consejo Económico y Social de la Región de Murcia
Término indicativo de función ed.
9 (RLIN) 2442
830 #0 - ENCABEZAMIENTO SECUNDARIO DE COLECCIÓN--TÍTULO UNIFORME
Título uniforme Colección Cuadernos (Consejo Económico y Social de la Región de Murcia)
Designación de volumen o secuencia 15
9 (RLIN) 38879
902 ## - CES. TIPO DE DOCUMENTO
Tipodoc (006$c Sirtex) LIB Libro
942 ## - ELEMENTOS KOHA
Fuente de clasificaión o esquema Clasificación propia del CES
Koha [por defecto] tipo de item Monografías
Parte de clasificación Medio Ambiente
Existencias
Número de registro Signatura completa Tipo de item de Koha
092396 CES MURCIA-86 Monografías
© CES, Consejo Económico y Social de España 2021